| 000 | 00495cam a2200169 4500500 | ||
|---|---|---|---|
| 005 | 20250921003613.0 | ||
| 041 | _afre | ||
| 042 | _adc | ||
| 100 | 1 | 0 |
_aGoron, Gaëtan _eauthor |
| 245 | 0 | 0 | _aMots croisés #27 |
| 260 | _c2016. | ||
| 500 | _a59 | ||
| 690 | _aGaëtan Goron | ||
| 690 | _aMots croisés | ||
| 786 | 0 | _nPhilosophie Magazine | 104 | 11 | 2016-11-01 | p. 71-71 | |
| 856 | 4 | 1 | _uhttps://shs.cairn.info/magazine-philosophie-magazine-2016-11-page-71?lang=fr&redirect-ssocas=7080 |
| 999 |
_c1506624 _d1506624 |
||